| 000 | 00352nam a2200133Ia 4500 | ||
|---|---|---|---|
| 005 | 20260328104307.0 | ||
| 008 | 260328s9999||||xx |||||||||||||| ||und|| | ||
| 100 | _aTaborda, Felipe | ||
| 245 | 0 |
_aKABUM! MIX : _b un projeto dos alunos da di Kabum / _cFelipe Taborda |
|
| 260 | _bOI Futuro | ||
| 300 | _a81 p. | ||
| 650 | _aDISEÑO GRÁFICO | ||
| 942 | _cBK | ||
| 999 |
_c10795 _d10795 |
||